| 000 | 00472cam a22001457a 4500 | ||
|---|---|---|---|
| 008 | 180718b1985 xxu||||| |||| 00| 0 eng d | ||
| 082 | _aL T737/85 | ||
| 100 | _aTripathy, Ram Niranjan | ||
| 245 |
_aPublic finance in underdeveloped countries _cby Ram Niranjan Tripathy |
||
| 260 |
_aDelhi _bSterling _c1985 |
||
| 300 | _a335p. | ||
| 650 | _aEconomic development - Developing countriese | ||
| 650 | _aDeveloping countries | ||
| 650 | _aFinance, Public - Developing countries | ||
| 999 |
_c355696 _d355696 |
||